000 00928nas a2200301 4500
001 BR0304735
003 BR-BrBNA
005 20231205104116.0
007 ta
008 230509b bl.|||p| |||| 00| 00por d
040 _aBR-BrBNA
_bpor
_cBiblioteca Nacional de Agricultura
041 _a(Pt)
072 _aF63
100 1 _aBarbosa, M. das G.V.
100 1 _aFonseca, C.R.V. da
245 1 _aColeopterofauna visitante de Theobroma grandiflorum Schum. (Sterculiaceae)de uma plantação nos arredores de Manaus, Amazonas, Brasil
650 _aCUPUAÇU
650 _aENTOMOFAUNA
650 _aCOLEOPTERO
650 _aINSETO POLINIZADOR
650 _aARMADILHA
650 _aMÉTODO
650 _aTAXONOMIA VEGETAL
650 _aAMAZONAS
773 0 _tActa Amazônica (Brazil)
_xISSN 0044-5967
_g(Jan-Mar 2002), v. 32(1) p. 83-100
_wBR0304735
909 _a202311
_bLúcia
_c55
_dLúcia Elande
942 _2AGRIS
_n0
_cANA
999 _c176403
_d176403